Przywitania Polski Fifaczy - Statystyki

Ogólne statystyki
  • Ten quiz został rozwiązany 1 757 razy
  • Średni wynik to 6 z 12
Statystyki odpowiedzi
Przywitanie Kanał % Poprawnych
"Siema, tutaj ____ kanał _____Sport" Koza Sport
82%
"Siemanko, witam Was bardzo serdecznie" Lachu
77%
"Cześć, jak się macie? Tutaj oczywiście ______" PLKD
63%
"Siemanko, cześć, czołem, hej, dzień dobry! Witajcie wszyscy kibice" Zwykły Kibic
54%
"Witam wszystkich bardzo serdecznie. Z tej strony ______" Jcob
52%
"Halo halo, cześć, dzień dobry, siemanko" N3jxiom
51%
"Siemanko byczki, z tej strony _____" LisekHD
46%
"Siemano moi drodzy" Dev
39%
"Siemanko, z tej strony ________" Kamyk
37%
"Siemanko, witajcie w kolejnym odcinku na moim kanale" Junajted
31%
"Siemanko mordeczki! Witajcie w kolejnym materiale na moim kanale" Bejott
22%
"Siemanko witam wszystkich bardzo serdecznie, z tej strony oczywiście ______" Urbix
22%
Nie znaleziono quizów pasujących do podanych kryteriów
Rozkład punktacji
Procent ludzi z każdym wynikiem
Percentyl według liczby udzielonych odpowiedzi
Twoja historia wyników
Nie rozwiązałeś tego quizu